000 01137cam a2200253a 44500
003 OSt
005 20150408113726.0
008 030308s1997 le g 00000 ara dd
040 _amu
_bara
_cmb
041 _aعربي
072 _a026
_xالحديث الشريف وعلومه (يشمل السيرة النبوية)
082 0 4 _a237.3
092 _a237.3
_bر ز ج
100 1 _aابن رجب، عبد الرحمن بن أحمد السلامي،
_d795-736 هـ.
_9289
245 1 0 _aجامع العلوم والحكم في شرح خمسين حديثا من جوامع الكلم /
_cزين الدين أبو الفرج عبد الرحمن بن شهاب الدين بن أحمد بن رجب الحنبلي البغدادي ؛ اعتنى به حسن أحمد أسبر.
250 _aط. 1، جديدة مصححة.
260 _aبيروت
_bدار الفكر
_c19-؟
300 _a400 ص. ؛
_c24 سم.
650 _aالحديث
_xجمع وتدوين
_2aucsh. 7
_9343
650 _aحديث الأحكام
_2aucsh.1
_9430
700 _aأسبر، حسن أحمد
_eمعتني.0
_93008
740 _aجوامع الكلم.\\
942 _2ddc
_cREF
999 _c1150
_d235650